Crazy Frog - Jingle Bells Lyrics - Statistics

General Stats
  • This quiz has been taken 27 times
  • The average score is 141 of 303
Answer Stats
Lyric % Correct
Bells
90%
Jingle
90%
A
80%
All
80%
Fun
80%
Horse
80%
In
80%
Is
80%
It
80%
Oh
80%
One
80%
Ride
80%
The
80%
Way
80%
Open
70%
To
70%
What
70%
Sleigh
60%
Ding
30%
Hey
30%
Christmas
20%
Bem
10%
It's
10%
Bam
0%
Ber
0%
Bor
0%
Borp
0%
Brem
0%
No matching quizzes found
Score Distribution
Percent of People with Each Score
Percentile by Number Answered
Your Score History
You have not taken this quiz